• 首页
  • 本馆介绍
  • 公告通知
  • 最新文献
  • 馆藏检索
  • 电子资源
  • 读者导购
  • 参考咨询
  • 我的图书馆
  • 登录
  • 详细信息显示
  • 放入我的书架
  • 预约/预借图书
  • 作者相关作品
  • 分类相关作品
  • 丛书相关作品
  • 出版社相关作品

书目信息

  • 表格格式
  • 工作单格式
  • 卡片格式
题名:
分数阶控制系统设计
    
 
作者: 王春阳 著
分册:  
出版信息: 北京   国防工业出版社  2014
页数: 155页
开本: 19cm
丛书名:
单 册:
中图分类: O121.1
科图分类:
主题词: 初等数学
电子资源:
ISBN: 978-7-118-09657-6
000 00571nam0 2200181 450
001 1734993170
005 20170405094313.18
010    @a978-7-118-09657-6@d¥46.80
100    @a20170405d km y0chiy0120 ea
101 0  @achi
200 1  @a分数阶控制系统设计@Afen shu jie kong zhi xi tong she ji@f王春阳等著@Fwang chun yang deng zhu
210    @a北京@c国防工业出版社@d2014
215    @a155页@d19cm
606 0  @a初等数学
690    @aO121.1@v4
701  0 @a王春阳@Awang chun yang@4著
801  0 @aCN@b大连网信软件有限公司图书馆·11@c20170405
905    @b6706148@dO121.1@eS242@f1
    
    分数阶控制系统设计/王春阳等著.-北京:国防工业出版社,2014
    155页;19cm
    
    
    ISBN 978-7-118-09657-6:¥46.80
    
●
相关链接 在E读中查询图书 在五车中查询图书 在当当中查询图书 在豆瓣中查询图书


正题名:分数阶控制系统设计     索取号:O121.1/S242         预约/预借

序号 登录号 条形码 馆藏地/架位号 状态 备注
1 6706148   267061485   密集书库-数信学院/ [索取号:O121.1/S242] 在馆    
唐山师范学院图书馆 欢迎您!
大连网信软件有限公司© 版权所有